TOP 28 POLSKI RAP/TRAP - PAŹDZIERNIK 2020. - Statystyki

Ogólne statystyki
  • Ten quiz został rozwiązany 72 razy
  • Średni wynik to 9 z 28
Statystyki odpowiedzi
MIEJSCE WYKONAWCA UTWÓR % Poprawnych
2 ŻABSON FT. YOUNG LEOSIA,BETEO,BORUCCI ULALA
83%
1 ALBERTO DWUTAKT
77%
7 GUZIOR FT. OSKAR83 FALA
73%
15 BETEO HOODIE
59%
4 KIZO FT. KABE FUTRO
47%
8 KABE FEAT. KASTA 2.0
44%
3 CHILLWAGON ZIARNKO DO ZIARNKA
44%
12 KABE MOWGLI
38%
6 DEEMZ FT. SMOLASTY,SOBEL FIESTA
36%
23 EIS FEAT. BEDOES NAJLEPSZE DNI
36%
25 BETEO FT. BIAŁAS GŁUPIO WYSZŁO
35%
5 SZPAKU HAŁAS
33%
21 KIZO POSEJDON
33%
16 PALUCH KASZEL
30%
11 PRO8LEM STRANGE DAYS
26%
13 SARIUS ZŁOŚĆ
26%
28 BETEO WIDOK BLOCK
24%
27 SARIUS X SIR MICH X GRZEGORZ SKAWIŃSKI BARD
21%
19 TYMEK RELAJATE
18%
14 KACPER X FONOS GOTHAM
14%
20 MAJOR SPZ FT. KABE, DJ SOINA NIELEGAL
14%
10 DEDIS DLA NIEJ
11%
24 EIGHT O X MALIK MONTANA KOKAIN & BARBIEPUPPCHEN
11%
9 PEPSI TASTE THE BEAT ŻYJ JAK CHCESZ
11%
18 EPIS X INTRUZ CUT STORY
9%
26 EPIS DYM KNF Z CAŁYCH SIŁ
9%
17 EPIS X INTRUZ BIAŁA TRINITY
8%
22 ZDR ŚCIEŻKI DIABŁA
5%
Nie znaleziono quizów pasujących do podanych kryteriów
Rozkład punktacji
Procent ludzi z każdym wynikiem
Percentyl według liczby udzielonych odpowiedzi
Twoja historia wyników
Nie rozwiązałeś tego quizu